000
00327nam a22001337a 4500
005
20250612125915.0
008
250612b |||||||| |||| 00| 0 eng d
050
_a
BS 540
_b
ROO
245
_a
ROOTS; FINDING STRENGTH IN BIBLICAL TRADITION
250
_b
PART 1
300
_a
208p
710
_a
RESOURCE BOOK
942
_2
lcc
_c
BK
_n
0
999
_c
6426
_d
6426